Rhyming Compound Words - Statistics

General Stats
  • This quiz has been taken 124 times
  • The average score is 12 of 22
Answer Stats
Description Starting Consonants Answer % Correct
The noise made by a bell D-D Ding Dong
95%
A compact two-way communication device W-T Walkie-Talkie
92%
A line drawn in a manner that makes a lot of short, sharp turns Z-Z Zig-Zag
92%
The stylized rhythmic music that commonly accompanies rap H-H Hip-Hop
89%
Not difficult at all E-P Easy-Peasy
88%
Very small I-B Itty-Bitty
85%
Like itty-bitty. T-W Teenie-Weenie
80%
Haitian religion V-D Voo-Doo
78%
Do the ....and you turn yourself around. That's what its all about! H-P Hokey-Pokey
77%
Random assortment of things M-M Mish-Mash
56%
Pretentious and snooty H-T Hoity-Toity
53%
Confusing language intended to cause, confusion M-J Mumbo-Jumbo
52%
Short and plump R-P Roly-Poly
39%
Of the greatest excellence, size, effectiveness, or impressiveness S-D Super-Duper
39%
An illusion or a meaningless distraction H-P Hocus Pocus
37%
Ragged and unkept R-T Rag-Tag
33%
Noisy, showy, and exciting activity and display designed to attract and impress R-D Razzle-Dazzle
31%
Percussive style of playing blues on the piano B-W Boogie-Woogie
29%
In a wild or reckless manner P-M Pell-Mell
25%
Weak in willpower, courage or vitality N-P Namby-Pamby
24%
Fraud, swindling, or other dishonest behavior F-F Flim Flam
19%
Also, weak in willpower, courage or vitality W-W Wishy-Washy
19%
No matching quizzes found
Score Distribution
Percent of People with Each Score
Percentile by Number Answered
Your Score History
You have not taken this quiz